00610nam a22002057a 450000500170000000800410001704000090005804100080006708200210007510000200009624500240011626000570014030000320019765000330022965000480026265000410031070000220035194200120037399900190038520220406113107.0220406b ||||| |||| 00| 0 eng d cAloy aeng 223a954.02bDENH aLal Dena927900 aHistory and society aCalcuttabBharat Lithographing Company Pvt Ltdc2000 aviii,147x p.bHBc24x18 cm. aWomen in Naga Society927901 aWomen in Contemporary Kabuli Society927902 aReligious Aspects of Gan Ngai927903 aDENA (Lal)927904 2ddccGF c222212d222212